| 000 | 03233pam a2200757 i 4500 | ||
|---|---|---|---|
| 999 |
_c2528 _d2528 |
||
| 001 | 020340216 | ||
| 003 | UkOxU | ||
| 005 | 20241119100257.0 | ||
| 006 | g||| | |q v| | ||
| 006 | innnnj n | ||
| 006 | m jq | | ||
| 007 | vd cvaizu | ||
| 007 | sd fungnnmmned | ||
| 007 | co nga---uuuuu | ||
| 007 | cr ||||||||||| | ||
| 007 | ta | ||
| 008 | 150211m20159999enka 000|0 eng d | ||
| 020 |
_a9781107467644 _qStudent's book with online workbook and online practice |
||
| 035 | _a(UK-WkNB)9781107467750 | ||
| 035 | _a(StEdALDL)1/3315365 | ||
| 040 |
_aUK-WkNB _beng _erda _cUK-WkNB _dUkOxU _dKH8 |
||
| 042 | _aukscp | ||
| 049 | _aCROBAR | ||
| 082 | 0 | 4 | _a428.24 BEN |
| 100 | 1 |
_aGoldstein, Ben, _eauthor. |
|
| 245 | 1 | 0 |
_aEyes open : _bStudent's book with online workbook, _n3 / _cBen Goldstein |
| 264 | 1 |
_aCambridge, United Kingdom : _bCambridge University Press, _c2015- |
|
| 264 | 4 | _c©2015 | |
| 300 |
_a5 volumes : _billustrations ; _c30 cm + _e1 DVD + 1 DVD-ROM + 3 audio CDs + online resources |
||
| 336 |
_atext _2rdacontent |
||
| 336 |
_aspoken word _2rdacontent |
||
| 336 |
_atwo-dimensional moving image _2rdacontent |
||
| 336 |
_acomputer dataset _2rdacontent |
||
| 337 |
_aunmediated _2rdamedia |
||
| 337 |
_aaudio _2rdamedia |
||
| 337 |
_avideo _2rdamedia |
||
| 337 |
_acomputer _2rdamedia |
||
| 338 |
_avolume _2rdacarrier |
||
| 338 |
_aaudio disc _2rdacarrier |
||
| 338 |
_avideodisc _2rdacarrier |
||
| 338 |
_acomputer disc _2rdacarrier |
||
| 338 |
_aonline resource _2rdacarrier |
||
| 344 |
_adigital _boptical _2rda |
||
| 347 |
_atext file _2rda |
||
| 347 |
_aaudio file _bCD audio _2rda |
||
| 347 |
_avideo file _2rda |
||
| 347 |
_adata file _2rda |
||
| 366 |
_b20150528 _cIP 20150526 _fACUPRE _jGB _kxxk _mCambridge University Press _2UK-WkNB |
||
| 440 |
_aEyes Open _v3 |
||
| 500 | _a"Discovery education." | ||
| 500 | _aIncludes online access. | ||
| 500 | _aStudent's book is available for purchase both on its own and with supporting online workbook and online practice. | ||
| 500 | _aWorkbook purchase includes access to online resources. | ||
| 500 | _aCombo A and B student's books each include half the units from both the student's book and the workbook, with online workbooks and online practice. | ||
| 500 | _aAccompanying Class audio CDs by Ben Goldstein, Ceri Jones & Vicki Anderson with Eoin Higgins include the complete audio programme of the Student's book and Workbook to support listening comprehension. | ||
| 500 | _aAccompanying video DVD contains 32 videos, including interviews with native speakers. | ||
| 500 | _aAccompanying DVD-ROM includes class presentation software, fully interactive versions of Student's book and Workbook, answer keys, full video and audio content and scripts for each level. | ||
| 505 | 0 | _aTeacher's book -- Student's book -- Workbook - Combo A student's book -- Combo B student's book. | |
| 521 | _aPart 3 of a 4-level course for lower-secondary students. | ||
| 588 | _aDescription based on Teacher's book. | ||
| 650 | 0 |
_aEnglish language _xStudy and teaching (Secondary) |
|
| 700 | 1 |
_aJones, Ceri, _d1965- _eauthor |
|
| 700 | 1 |
_aAnderson, Vicki. _eauthor |
|
| 700 | 1 |
_aHiggins, Eoin _eauthor |
|
| 942 |
_2ddc _cTR |
||